Normal view MARC view
  • Institut Antarabangsa Pemikiran dan Tamadun Islam

Entry Corporate Name

Number of records used in: 1

001 - CONTROL NUMBER

  • control field: 2267

003 - CONTROL NUMBER IDENTIFIER

  • control field: OSt

005 - DATE AND TIME OF LATEST TRANSACTION

  • control field: 20170508134746.0

008 - FIXED-LENGTH DATA ELEMENTS

  • fixed length control field: 170508|| aca||aabn | a|a d

040 ## - CATALOGING SOURCE

  • Original cataloging agency: OSt
  • Transcribing agency: OSt

110 ## - HEADING--CORPORATE NAME

  • Corporate name or jurisdiction name as entry element: Institut Antarabangsa Pemikiran dan Tamadun Islam

670 ## - SOURCE DATA FOUND

  • Source citation: Work cat.: (OSt)0: al-Attas, Syed Muhammad Naquib, 1931- 847, Hakikat al-sa'adah wa ma'naaha fi al-Islam /, 1995
Pusat Sumber Maklumat Dato' Haji Sarmin Md Hussin, Akademi Kastam Diraja Malaysia, Melaka
Tel: 06-2331106 | Faks: 06-2313787